0O0Q0O0mania - gemein - Sudden Death - Statistiken

Allgemein
  • Dieses Quiz wurde 1.112 mal gespielt
    400 seit der letzten Aktualisierung
  • Das Durchschnittsergebnis liegt bei 16 aus 30
Answers on the Grid
Answers color-coded by a green-red scale on the quiz's grid according to % correct below.
O
O
O
O
O
O
O
O
O
O
O
O
O
O
O
O
O
O
O
O
O
O
O
O
O
O
O
O
O
O
Q
Q
Q
Q
Q
Q
Q
Q
Q
Q
Q
Q
Q
Q
0
0
0
0
0
0
0
0
0
0
0
0
0
0
0
0
 
Antwortstatistiken
Antwort % Korrekt
O
62%
O
62%
O
60%
O
59%
O
59%
O
58%
O
58%
O
58%
O
58%
O
58%
O
57%
O
56%
O
56%
O
55%
O
55%
O
55%
O
54%
O
54%
O
53%
O
53%
O
53%
O
53%
O
52%
O
50%
O
50%
O
49%
O
49%
O
48%
O
47%
O
45%
Keine übereinstimmenden Quizze gefunden
Verteilung der Resultate
Anzahl Personen mit jedem Resultat
Perzentil nach korrekt beantworteten Fragen
Ihre Resultats-Entwicklung
Sie haben dieses Quiz seit der letzten Aktualisierung nicht gespielt